[Event "EJCOA Forest Hall IM 1st"]
[Site "Newcastle"]
[Date "2021.10.26"]
[Round "4.5"]
[White "Jones, Steven A"]
[Black "Fitzsimons, David"]
[Result "0-1"]
[WhiteElo "2231"]
[BlackElo "2334"]
[PlyCount "104"]
[EventDate "2021.10.25"]
[EventType "tourn"]
[EventRounds "9"]
[EventCountry "ENG"]
[SourceTitle "BritBase"]
[Source "John Saunders"]
[SourceDate "2021.10.30"]
[SourceVersion "1"]
[SourceVersionDate "2021.10.30"]
[SourceQuality "1"]

1. e4 Nf6 2. e5 Nd5 3. c4 Nb6 4. d4 d6 5. exd6 cxd6 6. Nc3 g6 7. Be3 Bg7 8. Rc1
O-O 9. b3 d5 10. c5 Nc6 11. Bb5 Nd7 12. Nf3 a6 13. Be2 Nxc5 14. dxc5 d4 15. Bd2
dxc3 16. Bxc3 Bxc3+ 17. Rxc3 Qa5 18. Qd2 Bf5 19. O-O Rfd8 20. Qb2 Rd7 21. Bc4
Rad8 22. b4 Qxb4 23. Qxb4 Nxb4 24. Ne5 Nd5 25. Nxd7 Nxc3 26. Ne5 Be6 27. Bxe6
fxe6 28. c6 bxc6 29. Nxc6 Rd6 30. Ne5 Nxa2 31. f4 Nc3 32. Kf2 Rd1 33. Rxd1
Nxd1+ 34. Kf3 Kg7 35. g4 a5 36. g5 a4 37. Nc4 Nb2 38. Na3 Nd3 39. Ke4 Nc5+ 40.
Kd4 Nd7 41. Nb5 Kf7 42. Ke4 Nb6 43. Kd4 Nd5 44. Ke5 Nc7 45. Na3 Ke8 46. Kd4 Kd7
47. Kc5 Nd5 48. Nc4 Nxf4 49. Nb6+ Kc7 50. Nxa4 Nh3 51. Nc3 Nxg5 52. Nb5+ Kd7
0-1

[Event "EJCOA Forest Hall IM 1st"]
[Site "Newcastle"]
[Date "2021.10.27"]
[Round "5.1"]
[White "Fitzsimons, David"]
[Black "Eggleston, Thomas A"]
[Result "1/2-1/2"]
[WhiteElo "2334"]
[BlackElo "2175"]
[PlyCount "145"]
[EventDate "2021.10.25"]
[EventType "tourn"]
[EventRounds "9"]
[EventCountry "ENG"]
[SourceTitle "BritBase"]
[Source "John Saunders"]
[SourceDate "2021.10.30"]
[SourceVersion "1"]
[SourceVersionDate "2021.10.30"]
[SourceQuality "1"]

1. e4 e6 2. d4 d5 3. Nc3 Nc6 4. Nf3 Nf6 5. e5 Ne4 6. Ne2 f6 7. Ng3 fxe5 8. dxe5
Be7 9. Nxe4 dxe4 10. Qxd8+ Bxd8 11. Ng5 Nd4 12. Kd1 Bxg5 13. Bxg5 O-O 14. Kd2
Bd7 15. Rd1 Nc6 16. Ke3 Nxe5 17. h3 Bc6 18. Bf4 Ng6 19. Bxc7 Ne7 20. c4 Rf7 21.
Ba5 Nf5+ 22. Ke2 e3 23. Be1 exf2 24. Bxf2 e5 25. Ke1 Re7 26. Rh2 Nd4 27. Kd2 h6
28. Kc3 Rf7 29. Bg1 Rd8 30. Bd3 Rfd7 31. Rd2 Ne6 32. Be3 e4 33. Be2 Rxd2 34.
Bxd2 Nd4 35. Bg4 Be8 36. Be3 Nf3 37. gxf3 Rd3+ 38. Kb4 Rxe3 39. fxe4 Rxe4 40.
Bf3 Re7 41. Rd2 b6 42. Rd6 Kf8 43. c5 bxc5+ 44. Kxc5 Rc7+ 45. Kd4 Ke7 46. Ra6
Bb5 47. Rg6 Kf7 48. Rg3 g5 49. b3 Bd7 50. Kd5 Be6+ 51. Kd6 Rd7+ 52. Kc6 Ke7 53.
Bg4 Rd6+ 54. Kb7 Rd7+ 55. Ka6 Bxg4 56. hxg4 Kf6 57. a4 Ke5 58. a5 Rh7 59. b4
Kf4 60. Rg1 Kf3 61. b5 Kf2 62. Rb1 Kf3 63. Rg1 Kf2 64. Rb1 Kf3 65. Rb4 h5 66.
gxh5 g4 67. b6 axb6 68. axb6 Rxh5 69. b7 Rh8 70. Rb3+ Kf2 71. Rb2+ Kf1 72. Rc2
Rb8 73. Rc8 1/2-1/2

[Event "EJCOA Forest Hall IM 1st"]
[Site "Newcastle"]
[Date "2021.10.27"]
[Round "5.2"]
[White "Kanyamarala, Tarun"]
[Black "Jones, Steven A"]
[Result "1-0"]
[WhiteElo "2309"]
[BlackElo "2231"]
[PlyCount "77"]
[EventDate "2021.10.25"]
[EventType "tourn"]
[EventRounds "9"]
[EventCountry "ENG"]
[SourceTitle "BritBase"]
[Source "John Saunders"]
[SourceDate "2021.10.30"]
[SourceVersion "1"]
[SourceVersionDate "2021.10.30"]
[SourceQuality "1"]

1. d4 Nf6 2. c4 g6 3. Nc3 d5 4. cxd5 Nxd5 5. e4 Nxc3 6. bxc3 Bg7 7. Nf3 c5 8.
Be3 Qa5 9. Qd2 O-O 10. Rc1 cxd4 11. cxd4 Qxd2+ 12. Kxd2 Rd8 13. Bb5 Nc6 14.
Rhd1 e6 15. Ke1 Bd7 16. Bg5 f6 17. Bd2 Bf8 18. Bc4 Bd6 19. Bc3 Rac8 20. d5 exd5
21. Bxd5+ Kg7 22. Rb1 b6 23. Rd3 Bg4 24. Nd4 Nxd4 25. Bxd4 Rc2 26. h3 Bd7 27.
Rf3 Rf8 28. Kf1 Bc6 29. Bxc6 Rxc6 30. Rd1 Rf7 31. g4 g5 32. Rf5 Kg6 33. h4 gxh4
34. Rd3 Bb8 35. Rdf3 Rc4 36. Bxf6 Rxe4 37. Rg5+ Kh6 38. Rg8 Bf4 39. Rxf4 1-0

[Event "EJCOA Forest Hall IM 1st"]
[Site "Newcastle"]
[Date "2021.10.27"]
[Round "5.3"]
[White "Han, Yichen"]
[Black "Willow, Jonah B"]
[Result "1/2-1/2"]
[WhiteElo "2306"]
[BlackElo "2353"]
[PlyCount "170"]
[EventDate "2021.10.25"]
[EventType "tourn"]
[EventRounds "9"]
[EventCountry "ENG"]
[SourceTitle "BritBase"]
[Source "John Saunders"]
[SourceDate "2021.10.30"]
[SourceVersion "1"]
[SourceVersionDate "2021.10.30"]
[SourceQuality "1"]

1. e4 e5 2. Nf3 Nc6 3. Bc4 Bc5 4. c3 Nf6 5. d3 O-O 6. Nbd2 a6 7. Bb3 Ba7 8. Nf1
d5 9. exd5 Nxd5 10. Ng3 f6 11. O-O Be6 12. Re1 Qd7 13. Qe2 Rae8 14. Bd2 Nf4 15.
Bxf4 Bxb3 16. Be3 Bf7 17. Bxa7 Nxa7 18. Qe3 Nc6 19. b3 Rd8 20. Rad1 Rfe8 21.
Rd2 Qd5 22. b4 a5 23. bxa5 Qxa5 24. Rc1 Qa3 25. Rcc2 Ne7 26. c4 Nc6 27. d4 Qb4
28. d5 Na5 29. Qc3 Qxc3 30. Rxc3 c6 31. Nf5 e4 32. N3d4 cxd5 33. cxd5 Rxd5 34.
Ne3 Rd7 35. Nb3 Rxd2 36. Nxd2 Nc6 37. Ra3 g6 38. g4 Re5 39. Ndc4 Bxc4 40. Nxc4
Rg5 41. Ne3 Ne5 42. Ra8+ Kg7 43. Ra7 Nf3+ 44. Kg2 Rb5 45. Kg3 Ne5 46. Ra4 Rb2
47. Rxe4 Rxa2 48. Rb4 Ra7 49. Rb3 Kf7 50. Nd5 Ke6 51. Nc7+ Kd7 52. Nd5 Ra6 53.
f4 Nc4 54. g5 fxg5 55. fxg5 Nd6 56. Nf6+ Ke6 57. Nxh7 Ra4 58. Nf6 b5 59. Re3+
Kf7 60. Rd3 Nf5+ 61. Kh3 Ke6 62. Rd2 b4 63. Ne4 Ke5 64. Nc5 Ra3+ 65. Kg4 Ne3+
66. Kh4 b3 67. Rb2 Nf5+ 68. Kg4 Nd4 69. h4 Kd5 70. Nxb3 Nxb3 71. h5 gxh5+ 72.
Kxh5 Nd4 73. Rb8 Ke6 74. Kg6 Nf5 75. Rb6+ Nd6 76. Rb1 Re3 77. Rb2 Re5 78. Rg2
Nf5 79. Rg4 Ne7+ 80. Kg7 Kf5 81. Rg1 Ng6 82. Rf1+ Kxg5 83. Rg1+ Kh5 84. Rxg6
Rg5 85. Rxg5+ Kxg5 1/2-1/2

[Event "EJCOA Forest Hall IM 1st"]
[Site "Newcastle"]
[Date "2021.10.27"]
[Round "5.4"]
[White "Kanyamarala, Trisha"]
[Black "McKay, Roderick M"]
[Result "1-0"]
[WhiteElo "2082"]
[BlackElo "2243"]
[PlyCount "39"]
[EventDate "2021.10.25"]
[EventType "tourn"]
[EventRounds "9"]
[EventCountry "ENG"]
[SourceTitle "BritBase"]
[Source "John Saunders"]
[SourceDate "2021.10.30"]
[SourceVersion "1"]
[SourceVersionDate "2021.10.30"]
[SourceQuality "1"]

1. d4 d5 2. c4 c6 3. cxd5 cxd5 4. Bf4 Nc6 5. e3 Nf6 6. Nc3 a6 7. Be2 e6 8. Rc1
Bd6 9. Bxd6 Qxd6 10. f4 O-O 11. Nf3 Bd7 12. O-O Ne7 13. Ne5 Rfc8 14. Bd3 Be8
15. Rf3 b5 16. Rh3 g6 17. Qe1 b4 18. Ne2 Bb5 19. Qh4 Kg7 20. Qxf6+ 1-0

[Event "EJCOA Forest Hall IM 1st"]
[Site "Newcastle"]
[Date "2021.10.27"]
[Round "5.5"]
[White "Sedykh, Mikhail"]
[Black "Basman, Michael J"]
[Result "0-1"]
[WhiteElo "2120"]
[BlackElo "2273"]
[PlyCount "104"]
[EventDate "2021.10.25"]
[EventType "tourn"]
[EventRounds "9"]
[EventCountry "ENG"]
[SourceTitle "BritBase"]
[Source "John Saunders"]
[SourceDate "2021.10.30"]
[SourceVersion "1"]
[SourceVersionDate "2021.10.30"]
[SourceQuality "1"]

1. d4 b5 2. e4 Bb7 3. Bd3 Nf6 4. Nd2 e6 5. Qe2 a6 6. a4 c5 7. c3 cxd4 8. cxd4
Nc6 9. Ngf3 Nb4 10. O-O Nxd3 11. Qxd3 Be7 12. Rd1 O-O 13. b3 d5 14. e5 Ne4 15.
Bb2 Qb6 16. a5 Qd8 17. Qe3 Bb4 18. Nxe4 dxe4 19. Ng5 Qd5 20. f3 exf3 21. gxf3
f5 22. Rf1 Rac8 23. Nh3 Rc2 24. Nf4 Qd7 25. Rf2 Rfc8 26. Rd1 Bxa5 27. d5 Rxf2
28. Qxf2 Bxd5 29. Nxd5 exd5 30. Qd4 Rc6 31. Qxd5+ Qxd5 32. Rxd5 Kf7 33. Rd7+
Ke6 34. Rxg7 Bb6+ 35. Kf1 Rc2 36. Rg2 Rxg2 37. Kxg2 Be3 38. Bc3 Bf4 39. b4 Bxe5
40. Bxe5 Kxe5 41. Kg3 h5 42. h3 h4+ 43. Kxh4 a5 44. bxa5 Kd5 45. a6 Kc6 46. a7
Kb7 47. Kg5 b4 48. h4 b3 49. h5 b2 50. h6 b1=Q 51. h7 Qb2 52. Kxf5 Qb1+ 0-1

[Event "EJCOA Forest Hall IM 1st"]
[Site "Newcastle"]
[Date "2021.10.27"]
[Round "6.1"]
[White "Eggleston, Thomas A"]
[Black "Basman, Michael J"]
[Result "1-0"]
[WhiteElo "2175"]
[BlackElo "2273"]
[PlyCount "53"]
[EventDate "2021.10.25"]
[EventType "tourn"]
[EventRounds "9"]
[EventCountry "ENG"]
[SourceTitle "BritBase"]
[Source "John Saunders"]
[SourceDate "2021.10.30"]
[SourceVersion "1"]
[SourceVersionDate "2021.10.30"]
[SourceQuality "1"]

1. e4 g5 2. d4 Bg7 3. Nc3 c5 4. d5 d6 5. Bxg5 Nd7 6. Qd2 a6 7. Nge2 b5 8. Ng3
b4 9. Nd1 Ne5 10. Nh5 Bf8 11. Be2 f5 12. exf5 Bxf5 13. Ne3 Bg6 14. O-O Kd7 15.
f4 Nf7 16. Bh4 Bxh5 17. Bxh5 Ngh6 18. a3 Bg7 19. axb4 Bxb2 20. Rab1 Bg7 21.
bxc5 Ra7 22. c6+ Ke8 23. Rb3 Kf8 24. Rfb1 Ra8 25. Rb7 Bf6 26. Bxf6 exf6 27. Rd7
1-0

[Event "EJCOA Forest Hall IM 1st"]
[Site "Newcastle"]
[Date "2021.10.27"]
[Round "6.2"]
[White "McKay, Roderick M"]
[Black "Sedykh, Mikhail"]
[Result "1/2-1/2"]
[WhiteElo "2243"]
[BlackElo "2120"]
[PlyCount "141"]
[EventDate "2021.10.25"]
[EventType "tourn"]
[EventRounds "9"]
[EventCountry "ENG"]
[SourceTitle "BritBase"]
[Source "John Saunders"]
[SourceDate "2021.10.30"]
[SourceVersion "1"]
[SourceVersionDate "2021.10.30"]
[SourceQuality "1"]

1. e4 e6 2. Qe2 c5 3. b3 Nc6 4. Nf3 e5 5. g3 d6 6. Bg2 g6 7. c3 Bg7 8. Na3 Nge7
9. Nc2 O-O 10. d3 d5 11. O-O Rb8 12. Bb2 d4 13. c4 f5 14. exf5 gxf5 15. Bc1 e4
16. Nfe1 Ne5 17. Bg5 h6 18. Bxe7 Qxe7 19. Rd1 exd3 20. Nxd3 Qd6 21. Nce1 Be6
22. Nxe5 Qxe5 23. Qf3 b5 24. Nd3 Qd6 25. cxb5 Rxb5 26. Rfe1 c4 27. Qc6 Qxc6 28.
Bxc6 Ra5 29. Rxe6 cxd3 30. b4 Kf7 31. Ree1 Re5 32. Rxe5 Bxe5 33. Rxd3 Ke6 34.
Kf1 f4 35. Ke2 Rc8 36. b5 fxg3 37. hxg3 Kd6 38. Rf3 Rc7 39. Kd3 a6 40. a4 axb5
41. axb5 Ra7 42. Ke4 Re7 43. Kd3 Ra7 44. Rf8 Ra1 45. f4 Bg7 46. Rf7 Ra3+ 47.
Kc4 Rxg3 48. Rd7+ Ke6 49. b6 Rc3+ 50. Kb5 Rb3+ 51. Ka5 Ra3+ 52. Kb4 Bf8+ 53.
Kc4 Rc3+ 54. Kxd4 Rxc6 55. b7 Bd6 56. Rh7 Bxf4 57. Ke4 Rc4+ 58. Kf3 Rb4 59.
b8=Q Bxb8 60. Rxh6+ Kd5 61. Rh5+ Be5 62. Rh7 Rb3+ 63. Ke2 Bf4 64. Rd7+ Ke4 65.
Re7+ Be5 66. Re8 Rb2+ 67. Ke1 Kd4 68. Kf1 Ra2 69. Kg1 Ke4 70. Kf1 Kf3 71. Rxe5
1/2-1/2

[Event "EJCOA Forest Hall IM 1st"]
[Site "Newcastle"]
[Date "2021.10.27"]
[Round "6.3"]
[White "Willow, Jonah B"]
[Black "Kanyamarala, Trisha"]
[Result "1-0"]
[WhiteElo "2353"]
[BlackElo "2082"]
[PlyCount "137"]
[EventDate "2021.10.25"]
[EventType "tourn"]
[EventRounds "9"]
[EventCountry "ENG"]
[SourceTitle "BritBase"]
[Source "John Saunders"]
[SourceDate "2021.10.30"]
[SourceVersion "1"]
[SourceVersionDate "2021.10.30"]
[SourceQuality "1"]

1. e4 c5 2. Nf3 d6 3. d4 cxd4 4. Qxd4 Nc6 5. Bb5 Bd7 6. Bxc6 Bxc6 7. Nc3 Nf6 8.
Bg5 e6 9. O-O-O Be7 10. Qd3 Qa5 11. h4 h6 12. Bxf6 Bxf6 13. Nd4 Qb6 14. f4 Bxd4
15. Qxd4 Qxd4 16. Rxd4 O-O-O 17. Rf1 Kc7 18. Rf3 Rhg8 19. b4 b5 20. Ne2 Kb6 21.
Rfd3 Kc7 22. Ra3 Kb6 23. Rg3 g6 24. Rgd3 Kc7 25. Rf3 Kb6 26. Rf2 f5 27. Nc3 Kc7
28. Re2 Rge8 29. e5 d5 30. Re3 Rg8 31. Rg3 Rg7 32. Ne2 Rdg8 33. Rdd3 Kb6 34.
Nd4 Bd7 35. Nb3 Bc8 36. Rc3 Bd7 37. Rc5 g5 38. hxg5 hxg5 39. fxg5 Rxg5 40. Rgc3
Rg4 41. a3 Rc4 42. Rh3 Rxg2 43. Rh7 Bc6 44. Re7 Rgxc2+ 45. Kd1 Rh2 46. Rxe6
Rh1+ 47. Ke2 Rh2+ 48. Kf1 Rxc5 49. bxc5+ Kc7 50. Re7+ Kd8 51. Rxa7 Rh4 52. Na5
Bd7 53. c6 Bc8 54. Rf7 Ke8 55. Rc7 Kd8 56. Rg7 Ba6 57. Nb7+ Kc8 58. Nd6+ Kb8
59. c7+ Ka8 60. c8=Q+ Bxc8 61. Nxc8 Rf4+ 62. Ke2 Re4+ 63. Kd3 Kb8 64. Nb6 f4
65. Rf7 f3 66. Rxf3 Kb7 67. Nxd5 Rxe5 68. Kd4 Re1 69. Kc5 1-0

[Event "EJCOA Forest Hall IM 1st"]
[Site "Newcastle"]
[Date "2021.10.27"]
[Round "6.4"]
[White "Jones, Steven A"]
[Black "Han, Yichen"]
[Result "0-1"]
[WhiteElo "2231"]
[BlackElo "2306"]
[PlyCount "64"]
[EventDate "2021.10.25"]
[EventType "tourn"]
[EventRounds "9"]
[EventCountry "ENG"]
[SourceTitle "BritBase"]
[Source "John Saunders"]
[SourceDate "2021.10.30"]
[SourceVersion "1"]
[SourceVersionDate "2021.10.30"]
[SourceQuality "1"]

1. e4 e5 2. Nf3 Nc6 3. Bb5 a6 4. Ba4 Nf6 5. O-O Be7 6. Re1 b5 7. Bb3 O-O 8. c3
d5 9. exd5 Nxd5 10. Nxe5 Nxe5 11. Rxe5 c6 12. Bxd5 cxd5 13. d4 Bd6 14. Re3 f5
15. Qf3 Kh8 16. b3 f4 17. Re1 Qg5 18. h3 Bf5 19. Nd2 Rae8 20. Bb2 Qg6 21. a4 h5
22. Qxd5 Bxh3 23. Rxe8 Rxe8 24. axb5 axb5 25. Ra8 Bb8 26. Nf1 Bf5 27. Qf3 Be4
28. Ra6 Qg5 29. Qh3 f3 30. Ne3 fxg2 31. Re6 Rxe6 32. Qxe6 Bh2+ 0-1

[Event "EJCOA Forest Hall IM 1st"]
[Site "Newcastle"]
[Date "2021.10.27"]
[Round "6.5"]
[White "Fitzsimons, David"]
[Black "Kanyamarala, Tarun"]
[Result "1/2-1/2"]
[WhiteElo "2334"]
[BlackElo "2309"]
[PlyCount "81"]
[EventDate "2021.10.25"]
[EventType "tourn"]
[EventRounds "9"]
[EventCountry "ENG"]
[SourceTitle "BritBase"]
[Source "John Saunders"]
[SourceDate "2021.10.30"]
[SourceVersion "1"]
[SourceVersionDate "2021.10.30"]
[SourceQuality "1"]

1. Nf3 Nf6 2. c4 e6 3. e3 d5 4. Nc3 c5 5. cxd5 exd5 6. d4 a6 7. Be2 Nc6 8. O-O
cxd4 9. Nxd4 Bd6 10. Bf3 O-O 11. b3 Qc7 12. Nxc6 Bxh2+ 13. Kh1 Qxc6 14. Nxd5
Nxd5 15. Kxh2 Qf6 16. Ba3 Rd8 17. Qe1 Bd7 18. Rd1 Bb5 19. Rh1 Bc6 20. Rd2 Nc3
21. Bxc6 Qh6+ 22. Kg1 Qxc6 23. Rc2 Rd3 24. Rh4 Qd7 25. Kh2 Rc8 26. Rc4 Rxc4 27.
bxc4 Qc7+ 28. g3 Ne4 29. Qb4 Qc8 30. Qe7 Nf6 31. Rb2 Rd7 32. Qc5 Rc7 33. Qa5 h6
34. Rd2 Rd7 35. Rxd7 Qxd7 36. Bb2 Ng4+ 37. Kg2 Qd3 38. Qc5 Qe2 39. Qc8+ Kh7 40.
Qf5+ Kg8 41. Qc8+ 1/2-1/2

[Event "EJCOA Forest Hall IM 1st"]
[Site "Newcastle"]
[Date "2021.10.28"]
[Round "7.1"]
[White "Kanyamarala, Tarun"]
[Black "Eggleston, Thomas A"]
[Result "1-0"]
[WhiteElo "2309"]
[BlackElo "2175"]
[PlyCount "103"]
[EventDate "2021.10.25"]
[EventType "tourn"]
[EventRounds "9"]
[EventCountry "ENG"]
[SourceTitle "BritBase"]
[Source "John Saunders"]
[SourceDate "2021.10.30"]
[SourceVersion "1"]
[SourceVersionDate "2021.10.30"]
[SourceQuality "1"]

1. d4 e6 2. c4 f5 3. g3 Nf6 4. Bg2 Be7 5. Nf3 O-O 6. O-O d6 7. Nc3 Ne4 8. Nxe4
fxe4 9. Nd2 d5 10. e3 Nc6 11. f3 exf3 12. Nxf3 b6 13. b3 Bf6 14. Qe2 Bb7 15.
Bb2 Qe7 16. Ne1 dxc4 17. bxc4 Na5 18. Bxb7 Nxb7 19. Nd3 c5 20. Nf4 Rae8 21. Nh5
Bg5 22. h4 Bh6 23. Rae1 Nd6 24. dxc5 bxc5 25. Be5 Nf5 26. e4 Nd4 27. Qg4 Kh8
28. Rd1 Rxf1+ 29. Rxf1 Nc6 30. Bf4 Bxf4 31. Qxf4 Kg8 32. e5 Rd8 33. Qe4 Nd4 34.
Rb1 Nf5 35. Rb7 Rd1+ 36. Kh2 Qd8 37. Qc6 Nxg3 38. Qxe6+ Kh8 39. Nxg3 Qxh4+ 40.
Kg2 Rd2+ 41. Kf3 Rd3+ 42. Ke2 Qd8 43. Ne4 Ra3 44. Qd6 Rxa2+ 45. Nd2 Rxd2+ 46.
Qxd2 Qe8 47. Qg5 Qg8 48. Kd3 Qf8 49. Ke3 h6 50. Qe7 Qg8 51. Rd7 Kh7 52. Qf7 1-0

[Event "EJCOA Forest Hall IM 1st"]
[Site "Newcastle"]
[Date "2021.10.28"]
[Round "7.2"]
[White "Han, Yichen"]
[Black "Fitzsimons, David"]
[Result "1/2-1/2"]
[WhiteElo "2306"]
[BlackElo "2334"]
[PlyCount "55"]
[EventDate "2021.10.25"]
[EventType "tourn"]
[EventRounds "9"]
[EventCountry "ENG"]
[SourceTitle "BritBase"]
[Source "John Saunders"]
[SourceDate "2021.10.30"]
[SourceVersion "1"]
[SourceVersionDate "2021.10.30"]
[SourceQuality "1"]

1. e4 e6 2. d4 d5 3. Nc3 Nf6 4. Bg5 dxe4 5. Nxe4 Nbd7 6. Nf3 h6 7. Nxf6+ Nxf6
8. Bh4 c5 9. c3 cxd4 10. Nxd4 Bc5 11. Nb3 Qxd1+ 12. Rxd1 Bb6 13. Be2 Bd7 14.
Bf3 O-O-O 15. O-O Bb5 16. c4 Bc6 17. Bxc6 bxc6 18. c5 Bc7 19. Nd4 Kb7 20. Rd3
Rd5 21. Rb3+ Ka8 22. Nxc6 Rxc5 23. Nb4 Nd5 24. Na6 Rc6 25. Nxc7+ Rxc7 26. Bg3
Rb7 27. Rxb7 Kxb7 28. Rc1 1/2-1/2

[Event "EJCOA Forest Hall IM 1st"]
[Site "Newcastle"]
[Date "2021.10.28"]
[Round "7.3"]
[White "Kanyamarala, Trisha"]
[Black "Jones, Steven A"]
[Result "1/2-1/2"]
[WhiteElo "2082"]
[BlackElo "2231"]
[PlyCount "63"]
[EventDate "2021.10.25"]
[EventType "tourn"]
[EventRounds "9"]
[EventCountry "ENG"]
[SourceTitle "BritBase"]
[Source "John Saunders"]
[SourceDate "2021.10.30"]
[SourceVersion "1"]
[SourceVersionDate "2021.10.30"]
[SourceQuality "1"]

1. d4 Nf6 2. c4 g6 3. Nc3 d5 4. cxd5 Nxd5 5. Bd2 Bg7 6. Nf3 c5 7. e4 Nxc3 8.
Bxc3 O-O 9. d5 Bxc3+ 10. bxc3 Qa5 11. Qd2 Nd7 12. Bd3 Nf6 13. c4 Qc7 14. e5 Ng4
15. Qc3 f6 16. O-O fxe5 17. Be4 Rf4 18. Rfe1 Nf6 19. Nd2 Bf5 20. Bxf5 Rxf5 21.
Ne4 Rf8 22. f3 b6 23. Rad1 Nxe4 24. Rxe4 Qd6 25. Rde1 e6 26. dxe6 Qxe6 27. Rxe5
Rxe5 28. Rxe5 Qd6 29. Rd5 Qe6 30. Re5 Qd6 31. Rd5 Qe6 32. Re5 1/2-1/2

[Event "EJCOA Forest Hall IM 1st"]
[Site "Newcastle"]
[Date "2021.10.28"]
[Round "7.4"]
[White "Sedykh, Mikhail"]
[Black "Willow, Jonah B"]
[Result "0-1"]
[WhiteElo "2120"]
[BlackElo "2353"]
[PlyCount "103"]
[EventDate "2021.10.25"]
[EventType "tourn"]
[EventRounds "9"]
[EventCountry "ENG"]
[SourceTitle "BritBase"]
[Source "John Saunders"]
[SourceDate "2021.10.30"]
[SourceVersion "1"]
[SourceVersionDate "2021.10.30"]
[SourceQuality "1"]

1. d4 Nf6 2. c4 e6 3. Nc3 Bb4 4. Qc2 O-O 5. Nf3 c5 6. dxc5 Na6 7. g3 Nxc5 8.
Bg2 b6 9. O-O Bb7 10. Nb5 Be4 11. Qd1 Nb7 12. a3 Be7 13. Nc3 Bc6 14. b4 Rc8 15.
Qb3 Nd6 16. b5 Ba8 17. Bf4 Nxc4 18. a4 Nh5 19. Rfd1 Nxf4 20. gxf4 Na5 21. Qb2
Bxf3 22. Bxf3 Bf6 23. Rac1 Qc7 24. Qb1 Qxf4 25. Ne4 Be5 26. Ng3 d5 27. Kg2 Qxa4
28. Qd3 Qb3 29. Qd2 Bxg3 30. hxg3 Qxb5 31. Qg5 f6 32. Qh5 Qd7 33. Rh1 g6 34.
Qh3 Nc4 35. Rcd1 Ne5 36. Be4 f5 37. Bb1 Qb7 38. f3 Qg7 39. Qh4 Rc4 40. Qg5 Re8
41. Qe3 Rb4 42. Rc1 Nc4 43. Qd3 Rb2 44. Bc2 Qe5 45. Kf2 b5 46. Rh4 Re7 47. f4
Qc7 48. Qc3 Qc5+ 49. Kf3 Qa3 50. Qd3 Rc7 51. Kf2 Qxd3 52. Bxd3 0-1

[Event "EJCOA Forest Hall IM 1st"]
[Site "Newcastle"]
[Date "2021.10.28"]
[Round "7.5"]
[White "Basman, Michael J"]
[Black "McKay, Roderick M"]
[Result "1-0"]
[WhiteElo "2273"]
[BlackElo "2243"]
[PlyCount "69"]
[EventDate "2021.10.25"]
[EventType "tourn"]
[EventRounds "9"]
[EventCountry "ENG"]
[SourceTitle "BritBase"]
[Source "John Saunders"]
[SourceDate "2021.10.30"]
[SourceVersion "1"]
[SourceVersionDate "2021.10.30"]
[SourceQuality "1"]

1. g4 d6 2. Bg2 c6 3. h3 g6 4. c4 Bg7 5. Nc3 e5 6. Nf3 Ne7 7. d4 Qc7 8. Be3 O-O
9. Qd2 f5 10. Bh6 e4 11. Ng1 d5 12. Bf4 Qd8 13. gxf5 Nxf5 14. e3 Na6 15. O-O-O
Be6 16. f3 Nh4 17. fxe4 Nxg2 18. Qxg2 dxe4 19. h4 Nb4 20. Nge2 Nd3+ 21. Kb1 Qb6
22. Rd2 Bf5 23. c5 Qd8 24. Bd6 Qd7 25. Bxf8 Rxf8 26. Ng3 Bg4 27. Rf1 Bf3 28.
Qg1 Nxc5 29. h5 Ne6 30. hxg6 Ng5 31. gxh7+ Kh8 32. Nh5 Bh6 33. Nf4 Qf5 34. Rh2
Rf6 35. Qg3 1-0

[Event "EJCOA Forest Hall IM 1st"]
[Site "Newcastle"]
[Date "2021.10.28"]
[Round "8.1"]
[White "Eggleston, Thomas A"]
[Black "McKay, Roderick M"]
[Result "1-0"]
[WhiteElo "2175"]
[BlackElo "2243"]
[PlyCount "65"]
[EventDate "2021.10.25"]
[EventType "tourn"]
[EventRounds "9"]
[EventCountry "ENG"]
[SourceTitle "BritBase"]
[Source "John Saunders"]
[SourceDate "2021.10.30"]
[SourceVersion "1"]
[SourceVersionDate "2021.10.30"]
[SourceQuality "1"]

1. e4 a6 2. d4 c5 3. d5 d6 4. a4 g6 5. Nf3 Bg7 6. h3 Nf6 7. Nc3 O-O 8. Be2 Nbd7
9. a5 Qc7 10. O-O Rb8 11. Be3 b5 12. axb6 Rxb6 13. Ra2 Ne8 14. Nd2 Rb4 15. Na4
f5 16. c3 Rxa4 17. Rxa4 f4 18. Bxf4 Rxf4 19. Bxa6 Nb6 20. Bxc8 Qxc8 21. Ra2 c4
22. Qe2 Rf8 23. Qe3 Qb8 24. Nf3 Nd7 25. Nd4 Nc5 26. f4 Nf6 27. Nc6 Qb3 28.
Nxe7+ Kh8 29. Rfa1 Nfxe4 30. Nc6 h5 31. Nd4 Bxd4 32. Qxd4+ Kg8 33. Ra8 1-0

[Event "EJCOA Forest Hall IM 1st"]
[Site "Newcastle"]
[Date "2021.10.28"]
[Round "8.2"]
[White "Willow, Jonah B"]
[Black "Basman, Michael J"]
[Result "1-0"]
[WhiteElo "2353"]
[BlackElo "2273"]
[PlyCount "61"]
[EventDate "2021.10.25"]
[EventType "tourn"]
[EventRounds "9"]
[EventCountry "ENG"]
[SourceTitle "BritBase"]
[Source "John Saunders"]
[SourceDate "2021.10.30"]
[SourceVersion "1"]
[SourceVersionDate "2021.10.30"]
[SourceQuality "1"]

1. e4 g5 2. d4 Bg7 3. Bxg5 c5 4. c3 Qa5 5. dxc5 Qxc5 6. Be3 Qc7 7. Ne2 Nc6 8.
Nf4 Nf6 9. Nh5 Rg8 10. Nxg7+ Rxg7 11. f3 d5 12. exd5 Qe5 13. Qe2 Nxd5 14. Bh6
Qxe2+ 15. Kxe2 Rg6 16. Bd2 e5 17. Kf2 f5 18. Na3 Bd7 19. Bc4 Nde7 20. Rhe1
O-O-O 21. Rad1 f4 22. b4 Bf5 23. Bc1 Rxd1 24. Rxd1 Rg7 25. Nb5 Bc2 26. Rd2 Bb1
27. Nd6+ Kb8 28. Ne8 Rg5 29. b5 e4 30. fxe4 Bxe4 31. bxc6 1-0

[Event "EJCOA Forest Hall IM 1st"]
[Site "Newcastle"]
[Date "2021.10.28"]
[Round "8.4"]
[White "Fitzsimons, David"]
[Black "Kanyamarala, Trisha"]
[Result "1-0"]
[WhiteElo "2334"]
[BlackElo "2082"]
[PlyCount "81"]
[EventDate "2021.10.25"]
[EventType "tourn"]
[EventRounds "9"]
[EventCountry "ENG"]
[SourceTitle "BritBase"]
[Source "John Saunders"]
[SourceDate "2021.10.30"]
[SourceVersion "1"]
[SourceVersionDate "2021.10.30"]
[SourceQuality "1"]

1. e4 c5 2. Nf3 d6 3. d4 cxd4 4. Nxd4 Nf6 5. Nc3 Nc6 6. Bg5 e6 7. Qd3 Be7 8.
O-O-O O-O 9. h4 a6 10. f4 Qa5 11. Nb3 Qb6 12. Qg3 Nh5 13. Qf3 f6 14. Qxh5 g6
15. Qh6 Rf7 16. h5 Bf8 17. hxg6 Bxh6 18. gxf7+ Kxf7 19. Bxh6 Ne7 20. Bc4 Qc7
21. Bd3 Bd7 22. g4 b5 23. g5 b4 24. gxf6 Ng6 25. Bg5 Rh8 26. f5 Ne5 27. fxe6+
Bxe6 28. Nd5 Qb7 29. Kb1 Bg4 30. Rdg1 h5 31. Bf4 Nxd3 32. cxd3 Rg8 33. Na5 Qa7
34. Be3 Qd7 35. Nc4 Be2 36. Rxg8 Bxd3+ 37. Ka1 Kxg8 38. Rg1+ Kh8 39. Bd4 Kh7
40. Ne7 Bxe4 41. Rg7+ 1-0

[Event "EJCOA Forest Hall IM 1st"]
[Site "Newcastle"]
[Date "2021.10.28"]
[Round "8.5"]
[White "Kanyamarala, Tarun"]
[Black "Han, Yichen"]
[Result "1/2-1/2"]
[WhiteElo "2309"]
[BlackElo "2306"]
[PlyCount "39"]
[EventDate "2021.10.25"]
[EventType "tourn"]
[EventRounds "9"]
[EventCountry "ENG"]
[SourceTitle "BritBase"]
[Source "John Saunders"]
[SourceDate "2021.10.30"]
[SourceVersion "1"]
[SourceVersionDate "2021.10.30"]
[SourceQuality "1"]

1. Nf3 d5 2. g3 Nd7 3. d4 Nb6 4. b3 c6 5. Bg2 Nf6 6. O-O Bf5 7. Ba3 g6 8. Nh4
Be6 9. Nd2 Bg7 10. e3 Qd7 11. Re1 O-O 12. Nhf3 Bg4 13. Ne5 Bxd1 14. Nxd7 Nfxd7
15. Rexd1 Rfe8 16. c4 e5 17. cxd5 Nxd5 18. Ne4 exd4 19. exd4 Re6 20. Ng5
1/2-1/2